| 000 | 01119nam a22003131 4500 | ||
|---|---|---|---|
| 001 | 29672 | ||
| 003 | BD-RjUL | ||
| 005 | 20211209051437.0 | ||
| 008 | 140406s1965 cau b 001 0 eng d | ||
| 035 | _a(BD-RjUL)29757 | ||
| 035 | _a(OCoLC)183720 | ||
| 040 |
_aDLC _cOWibfC _dOCoLC _dNBrockU _dDLC _dBD-RjUL _beng |
||
| 041 | _aeng | ||
| 082 | 0 | 0 |
_a155.423 _bSEI 1965 |
| 100 | 1 |
_aSears, Robert R. _q(Robert Richardson) _988235 |
|
| 245 | 1 | 0 |
_aIdentification and child rearing / _cby Robert R. Sears, Lucy Rau and Richard Alpert. |
| 260 |
_aStanford, Calif. : _bStanford University Press, _c1965. |
||
| 300 |
_axiii, 383 p. : _c23 cm. |
||
| 500 | _a"Completed with the aid of a grant (MH5398) from the National Institutes of Health." | ||
| 504 | _aBibliography: p. [371]-374. and index. | ||
| 650 | 0 |
_aChild rearing. _916818 |
|
| 650 | 0 |
_aIdentification (Psychology) _990371 |
|
| 700 | 1 |
_aFerguson, Lucy Rau, _d1930- _ejoint author. _990372 |
|
| 700 | 0 |
_aRam Dass, _ejoint author. _990373 |
|
| 942 |
_2ddc _cBK |
||
| 999 |
_c29672 _d29672 |
||